[Event "Madrid ch - Previa A"]
[Site "Madrid ESP"]
[Date "2002.11.04"]
[Round "7.11"]
[White "Arias de Reyna, Francisco"]
[Black "Sanchez Rodenas, Jose Antonio"]
[Result "1/2-1/2"]
[WhiteElo "1787"]
[BlackElo "1841"]
[PlyCount "65"]
[EventDate "2002.10.21"]
[EventType "swiss"]
[EventRounds "9"]
[EventCountry "ESP"]
[Source "lmi"]
[SourceDate "2002.10.21"]

1. c4 g6 2. e4 Bg7 3. d4 c5 4. Be3 Qb6 5. Ne2 Qb4+ 6. Qd2 Qxc4 7. Nbc3 Nf6 8.
Nf4 Qb4 9. Nd3 Qa5 10. Nxc5 O-O 11. Be2 d5 12. Nb3 Qd8 13. O-O Nc6 14. Rfd1 b6
15. Bh6 Bb7 16. Bxg7 Kxg7 17. Bf3 Rb8 18. Rac1 a6 19. Qe3 Nd7 20. g3 e5 21.
dxe5 Ncxe5 22. Rxd5 Nxf3+ 23. Qxf3 Ne5 24. Qd1 Qe7 25. Rd4 Rfd8 26. Nd5 Bxd5
27. exd5 Rd6 28. Nd2 f5 29. Nf3 Rbd8 30. Nxe5 Qxe5 31. Rc2 Rxd5 32. Rxd5 Rxd5
33. Rd2 1/2-1/2

[Event "Madrid ch - Previa A"]
[Site "Madrid ESP"]
[Date "2002.11.04"]
[Round "7.12"]
[White "Valero Peña, Lucio"]
[Black "Corredor Gonzalez, Angel"]
[Result "1-0"]
[WhiteElo "1905"]
[BlackElo "1874"]
[PlyCount "105"]
[EventDate "2002.10.21"]
[EventType "swiss"]
[EventRounds "9"]
[EventCountry "ESP"]
[Source "lmi"]
[SourceDate "2002.10.21"]

1. d4 Nf6 2. Nd2 e6 3. e3 d5 4. Bd3 c5 5. c3 cxd4 6. exd4 Nc6 7. Ngf3 Bd6 8.
Qe2 O-O 9. O-O Qc7 10. Re1 Re8 11. Ne5 Re7 12. Ndf3 h6 13. h3 Nd7 14. Bf4 Nf8
15. Qe3 f6 16. Nxc6 bxc6 17. Bxh6 gxh6 18. Qxh6 Rf7 19. Nh4 Bf4 20. Qh5 f5 21.
Qe2 Bd7 22. Kh1 Re8 23. g3 Bd6 24. Nf3 Rg7 25. Rg1 e5 26. dxe5 Bxe5 27. Qc2 f4
28. g4 Bd6 29. Nd4 c5 30. Nf5 Bxf5 31. gxf5 Rxg1+ 32. Rxg1+ Kf7 33. Qd1 Be5 34.
Bb5 Rd8 35. Qh5+ Ke7 36. Re1 Nd7 37. Qg5+ Kd6 38. f6 Ke6 39. Qg7 Qd6 40. f7 Nf6
41. Bd3 Rf8 42. Qg6 Ke7 43. Qg5 Rxf7 44. Qxe5+ Qxe5 45. Rxe5+ Kd6 46. Rf5 Ke6
47. Rxf4 Rg7 48. Kh2 Ke5 49. Rf5+ Ke6 50. f4 a5 51. Re5+ Kd6 52. Bf5 Kc7 53.
Be6 1-0

[Event "Madrid ch - Previa A"]
[Site "Madrid ESP"]
[Date "2002.11.04"]
[Round "7.14"]
[White "Hernandez del Can, Jose"]
[Black "Aburto Renovales, Rafael"]
[Result "1-0"]
[WhiteElo "1911"]
[BlackElo "2000"]
[PlyCount "117"]
[EventDate "2002.10.21"]
[EventType "swiss"]
[EventRounds "9"]
[EventCountry "ESP"]
[Source "lmi"]
[SourceDate "2002.10.21"]

1. c4 Nf6 2. d4 g6 3. Nf3 Bg7 4. g3 O-O 5. Bg2 d6 6. O-O e6 7. Nc3 Nbd7 8. e4
Nb6 9. Qd3 c6 10. h3 Qc7 11. Be3 a6 12. Rac1 Nbd7 13. b3 e5 14. d5 c5 15. a3
Qd8 16. b4 b6 17. bxc5 Nxc5 18. Bxc5 bxc5 19. Rb1 Bd7 20. Rb2 Qa5 21. Ne2 Rfb8
22. Rfb1 Rxb2 23. Rxb2 h6 24. Qc3 Qc7 25. Nd2 Rb8 26. Nf1 Rb6 27. Qa5 Rb7 28.
Qxc7 Rxc7 29. Rb6 Bf8 30. f4 Bc8 31. fxe5 Nd7 32. Rb3 Nxe5 33. Ne3 Be7 34. h4
g5 35. hxg5 Bxg5 36. Nf4 Rb7 37. Rxb7 Bxb7 38. Kf2 Bc8 39. Bf1 Ng6 40. Neg2 Kg7
41. Be2 Kf6 42. Nxg6 fxg6 43. Nf4 h5 44. Nd3 Bd7 45. e5+ Ke7 46. exd6+ Kxd6 47.
Nf4 Bf5 48. Bd3 Bxd3 49. Nxd3 Bf6 50. Kf3 Bg5 51. Kf2 h4 52. Nf4 Ke5 53. Nxg6+
Kf5 54. Nf4 Bxf4 55. gxf4 Kf6 56. Kf3 Kf5 57. Kg2 a5 58. a4 Kf6 59. Kh3 1-0

[Event "Madrid ch - Previa A"]
[Site "Madrid ESP"]
[Date "2002.11.05"]
[Round "8.1"]
[White "Hernandez Navas, Francisco Javier"]
[Black "Martinez Alvarez, Carlos"]
[Result "1/2-1/2"]
[WhiteElo "1923"]
[BlackElo "1839"]
[PlyCount "25"]
[EventDate "2002.10.21"]
[EventType "swiss"]
[EventRounds "9"]
[EventCountry "ESP"]
[Source "lmi"]
[SourceDate "2002.10.21"]

1. c4 Nf6 2. Nc3 c5 3. g3 e6 4. Bg2 a6 5. d3 Nc6 6. e4 Qc7 7. Nge2 b6 8. a3 Bb7
9. O-O Be7 10. Qc2 h5 11. Bg5 Ng8 12. Bxe7 Ngxe7 13. f4 1/2-1/2

[Event "Madrid ch - Previa A"]
[Site "Madrid ESP"]
[Date "2002.11.05"]
[Round "8.2"]
[White "Martin Sanchez, Pablo"]
[Black "Rojas Jerez, Francisco J"]
[Result "0-1"]
[WhiteElo "1998"]
[BlackElo "1961"]
[PlyCount "64"]
[EventDate "2002.10.21"]
[EventType "swiss"]
[EventRounds "9"]
[EventCountry "ESP"]
[Source "lmi"]
[SourceDate "2002.10.21"]

1. e4 d6 2. d4 Nf6 3. Nc3 g6 4. Bd3 Bg7 5. Nce2 c5 6. c3 O-O 7. d5 Nbd7 8. f3
Ne5 9. Bc2 Bd7 10. Ng3 Bb5 11. f4 Neg4 12. h3 Nh6 13. h4 Qd7 14. Qf3 e6 15. h5
exd5 16. hxg6 fxg6 17. Bb3 c4 18. Bc2 dxe4 19. Nxe4 Nxe4 20. Bxe4 Rae8 21. Be3
Bc6 22. Bd5+ Bxd5 23. Qxd5+ Kh8 24. Kd2 Rf5 25. Qf3 Qb5 26. b4 cxb3 27. Ne2
Rd5+ 28. Nd4 b2 29. Rae1 Nf5 30. Kc2 Bxd4 31. cxd4 Qc4+ 32. Kd2 Rxe3 0-1

[Event "Madrid ch - Previa A"]
[Site "Madrid ESP"]
[Date "2002.11.05"]
[Round "8.3"]
[White "Rodriguez Bachiller, Luis"]
[Black "Gonzalo Gonzalez, Francisco"]
[Result "1-0"]
[WhiteElo "1923"]
[BlackElo "1961"]
[PlyCount "119"]
[EventDate "2002.10.21"]
[EventType "swiss"]
[EventRounds "9"]
[EventCountry "ESP"]
[Source "lmi"]
[SourceDate "2002.10.21"]

1. e4 c5 2. Nf3 Nc6 3. d4 cxd4 4. Nxd4 Qb6 5. Nb3 Nf6 6. Nc3 d6 7. Bc4 Ng4 8.
Qe2 Nce5 9. Bb5+ Nc6 10. Nd5 Qd8 11. h3 Nge5 12. Bf4 e6 13. Nb4 Bd7 14. O-O-O
Nxb4 15. Bxe5 Rc8 16. Rd2 Nxa2+ 17. Kb1 Nb4 18. c3 Nc6 19. Bxd6 Bxd6 20. Rxd6
O-O 21. Rhd1 Rc7 22. Bxc6 bxc6 23. Nc5 Qg5 24. Nxd7 Re8 25. f3 Rb7 26. e5 Rb5
27. Rxc6 Ra5 28. Rc5 Qg6+ 29. Qd3 Ra6 30. Qxg6 hxg6 31. Kc2 Kh7 32. Rc4 g5 33.
Rb4 Kg6 34. Rb8 Re7 35. g4 Ra5 36. Rd6 Ra4 37. Nc5 Rf4 38. Rd3 Rc4 39. b4 Rf4
40. Rb7 Re8 41. Rxa7 Rb8 42. Kd2 Rc4 43. Ne4 Rb6 44. Nd6 Rf4 45. Ke3 f6 46.
exf6 gxf6 47. Nc8 Rb5 48. Rdd7 f5 49. gxf5+ Kf6 50. fxe6 Rc4 51. Rdc7 Rxc7 52.
Rxc7 Rb8 53. Na7 Kf5 54. b5 Rh8 55. b6 Rb8 56. Rc8 Rb7 57. Rc7 Rb8 58. b7 Re8
59. Kf2 Kxe6 60. Rc8 1-0

[Event "Madrid ch - Previa A"]
[Site "Madrid ESP"]
[Date "2002.11.05"]
[Round "8.4"]
[White "Huerta Navarro, Eusebio"]
[Black "Noriega de la Sierra, Antonio"]
[Result "1/2-1/2"]
[WhiteElo "1946"]
[BlackElo "1846"]
[PlyCount "45"]
[EventDate "2002.10.21"]
[EventType "swiss"]
[EventRounds "9"]
[EventCountry "ESP"]
[Source "lmi"]
[SourceDate "2002.10.21"]

1. d4 Nf6 2. c4 g6 3. Nc3 d5 4. Nf3 Bg7 5. Bf4 O-O 6. cxd5 Nxd5 7. Nxd5 Qxd5 8.
Bxc7 Nc6 9. e3 Bf5 10. b3 Rac8 11. Bc4 Qe4 12. Be5 Nxe5 13. dxe5 Bxe5 14. Nxe5
Qxe5 15. O-O Be6 16. Bxe6 Qxe6 17. Qd4 b6 18. Rfd1 Rc7 19. Rac1 Rxc1 20. Rxc1
Rc8 21. Rxc8+ Qxc8 22. Qc4 Qxc4 23. bxc4 1/2-1/2

[Event "Madrid ch - Previa A"]
[Site "Madrid ESP"]
[Date "2002.11.05"]
[Round "8.5"]
[White "Suarez Prieto, Leopoldo"]
[Black "Roman Bada, Javier"]
[Result "0-1"]
[WhiteElo "1918"]
[BlackElo "2020"]
[PlyCount "64"]
[EventDate "2002.10.21"]
[EventType "swiss"]
[EventRounds "9"]
[EventCountry "ESP"]
[Source "lmi"]
[SourceDate "2002.10.21"]

1. e4 c6 2. d4 d5 3. Nc3 dxe4 4. Nxe4 Bf5 5. Ng3 Bg6 6. Bc4 e6 7. Nf3 Nd7 8.
O-O Be7 9. Re1 Ngf6 10. Bf4 O-O 11. c3 Nd5 12. Qd2 Qb6 13. Rab1 Bxb1 14. Rxb1
Nxf4 15. Qxf4 Nf6 16. Bd3 c5 17. h4 cxd4 18. Qg5 dxc3 19. bxc3 Qc7 20. Nh5 Nxh5
21. Qxh5 g6 22. Qh6 Qxc3 23. Rxb7 Qxd3 24. Rxe7 Qd1+ 25. Kh2 Qd6+ 26. g3 Qxe7
27. h5 Qf6 28. Nh4 Qxf2+ 29. Kh3 Qf1+ 30. Kh2 Rab8 31. Qd2 Rfd8 32. Qc3 Rb1 0-1

[Event "Madrid ch - Previa A"]
[Site "Madrid ESP"]
[Date "2002.11.05"]
[Round "8.6"]
[White "Cano Mercado, Francisco"]
[Black "Martin-Consuegra, Javier"]
[Result "1/2-1/2"]
[WhiteElo "1978"]
[BlackElo "1923"]
[PlyCount "46"]
[EventDate "2002.10.21"]
[EventType "swiss"]
[EventRounds "9"]
[EventCountry "ESP"]
[Source "lmi"]
[SourceDate "2002.10.21"]

1. d4 d5 2. c4 c6 3. Nc3 dxc4 4. a4 Nf6 5. e3 Bf5 6. Bxc4 e6 7. Nge2 Nbd7 8.
O-O Be7 9. f3 O-O 10. e4 Bg6 11. Be3 e5 12. a5 exd4 13. Bxd4 Bc5 14. Bxc5 Nxc5
15. b4 Ncd7 16. Nf4 Qe7 17. Nxg6 hxg6 18. Qb3 Ne5 19. Be2 Rfd8 20. Rad1 Rxd1
21. Rxd1 Rd8 22. Rxd8+ Qxd8 23. Qd1 Qxd1+ 1/2-1/2

[Event "Madrid ch - Previa A"]
[Site "Madrid ESP"]
[Date "2002.11.05"]
[Round "8.7"]
[White "Gonzalez Silen, Luis F"]
[Black "Pardiñas Riaño, Emilio"]
[Result "0-1"]
[WhiteElo "1900"]
[BlackElo "1848"]
[PlyCount "124"]
[EventDate "2002.10.21"]
[EventType "swiss"]
[EventRounds "9"]
[EventCountry "ESP"]
[Source "lmi"]
[SourceDate "2002.10.21"]

1. e4 c5 2. Nf3 Nc6 3. d4 cxd4 4. Nxd4 Nf6 5. Nc3 e5 6. Ndb5 d6 7. Bg5 a6 8.
Na3 b5 9. Nd5 Be7 10. Bd3 O-O 11. Nxe7+ Qxe7 12. c4 b4 13. Nc2 Bb7 14. O-O Qe6
15. b3 Nd7 16. Be2 Nf6 17. Qd3 a5 18. f4 exf4 19. Rxf4 Ne5 20. Qe3 Ng6 21. Nd4
Qe5 22. Rf5 Qxe4 23. Qf2 Ng4 24. Bxg4 Qxg4 25. Rf1 Bxg2 26. Qxg2 Qxd4+ 27. Kh1
Qa7 28. h4 h6 29. Bxh6 gxh6 30. h5 Qe7 31. hxg6 Qh4+ 32. Kg1 Qd4+ 33. R5f2 f6
34. Qb7 Qa7 35. Qd5+ Kg7 36. Kh1 Rad8 37. Rh2 Qa8 38. Rh5 Rfe8 39. Rf3 Qxd5 40.
Rxd5 Re5 41. Rf5 Kxg6 42. Rfxe5 fxe5 43. Rxa5 e4 44. Rd5 Kf6 45. Kg2 Ke6 46.
Kf2 Ra8 47. Rd2 Ra5 48. Ke3 d5 49. cxd5+ Rxd5 50. Rh2 h5 51. Kxe4 Rg5 52. Rh4
Rg4+ 53. Rxg4 hxg4 54. Kf4 Kd5 55. Kxg4 Kd4 56. Kf4 Kc3 57. Ke3 Kb2 58. Kd2
Kxa2 59. Kc1 Kxb3 60. Kb1 Kc3 61. Kc1 b3 62. Kb1 b2 0-1

[Event "Madrid ch - Previa A"]
[Site "Madrid ESP"]
[Date "2002.11.05"]
[Round "8.8"]
[White "Redondo Garcia, Jose Luis"]
[Black "Canseco Arenas, Alfonso"]
[Result "1-0"]
[WhiteElo "1924"]
[BlackElo "1901"]
[PlyCount "75"]
[EventDate "2002.10.21"]
[EventType "swiss"]
[EventRounds "9"]
[EventCountry "ESP"]
[Source "lmi"]
[SourceDate "2002.10.21"]

1. c4 Nf6 2. e3 c5 3. g3 g6 4. Bg2 Bg7 5. Nc3 d6 6. Nge2 Nc6 7. a3 O-O 8. O-O
e5 9. d3 a6 10. Rb1 a5 11. h3 Ne8 12. Nd5 f5 13. Nec3 Nf6 14. Qb3 Nxd5 15. Nxd5
Rb8 16. Qb6 Qxb6 17. Nxb6 Be6 18. Bd5 Bxd5 19. cxd5 Ne7 20. Nd7 Nxd5 21. Nxb8
Rxb8 22. Bd2 b6 23. e4 Ne7 24. b4 axb4 25. axb4 Nc6 26. bxc5 dxc5 27. Be3 Nd4
28. Bxd4 exd4 29. exf5 gxf5 30. Rfc1 Bf8 31. Rb5 Bd6 32. Ra1 Rb7 33. Ra8+ Bb8
34. Kg2 Kf7 35. Ra6 Bc7 36. Kf3 Ke6 37. Rxc5 Bd6 38. Rb5 1-0

[Event "Madrid ch - Previa A"]
[Site "Madrid ESP"]
[Date "2002.11.05"]
[Round "8.10"]
[White "Galan Aguado, Fernando"]
[Black "Valero Peña, Lucio"]
[Result "1-0"]
[WhiteElo "1798"]
[BlackElo "1905"]
[PlyCount "57"]
[EventDate "2002.10.21"]
[EventType "swiss"]
[EventRounds "9"]
[EventCountry "ESP"]
[Source "lmi"]
[SourceDate "2002.10.21"]

1. d4 d5 2. Nf3 Nf6 3. Bf4 e6 4. e3 Nbd7 5. Bd3 c5 6. c3 Qb6 7. Qc1 Bd6 8. Bxd6
Qxd6 9. Nbd2 O-O 10. O-O e5 11. dxe5 Nxe5 12. Nxe5 Qxe5 13. Nf3 Qh5 14. Qc2 c4
15. Be2 Bf5 16. Qd2 Bg4 17. Rfd1 Rfe8 18. Qe1 Qh6 19. Rd4 Re4 20. Rad1 Be6 21.
Qf1 Ng4 22. Re1 Rxd4 23. exd4 Bf5 24. h3 Nf6 25. g4 Nxg4 26. hxg4 Bxg4 27. Qg2
Qh5 28. Bd1 h6 29. Re5 1-0

[Event "Madrid ch - Previa A"]
[Site "Madrid ESP"]
[Date "2002.11.05"]
[Round "8.12"]
[White "Arias de Reyna, Francisco"]
[Black "Castro Uceda, Jose Antonio"]
[Result "1/2-1/2"]
[WhiteElo "1787"]
[BlackElo "1700"]
[PlyCount "66"]
[EventDate "2002.10.21"]
[EventType "swiss"]
[EventRounds "9"]
[EventCountry "ESP"]
[Source "lmi"]
[SourceDate "2002.10.21"]

1. c4 c5 2. Nf3 Nf6 3. g3 b6 4. Bg2 Bb7 5. O-O e6 6. Nc3 d5 7. cxd5 exd5 8. d4
Be7 9. Bg5 Nbd7 10. Rc1 O-O 11. Qc2 Ne4 12. Bxe7 Qxe7 13. Nxe4 dxe4 14. Nd2 f5
15. dxc5 Nxc5 16. Nb3 Rac8 17. Nxc5 Rxc5 18. Qb3+ Bd5 19. Qb4 Rfc8 20. b3 Qe5
21. Qd2 h6 22. Rxc5 Rxc5 23. Rc1 Qd6 24. e3 Bc6 25. Rxc5 Qxc5 26. Bf1 b5 27.
Be2 b4 28. Kf1 Kf7 29. Ke1 Ke6 30. Qb2 Qa5 31. Kd2 Qe5 32. Qc1 Qd6+ 33. Ke1 Ke5
1/2-1/2

[Event "Madrid ch - Previa A"]
[Site "Madrid ESP"]
[Date "2002.11.05"]
[Round "8.13"]
[White "Corredor Gonzalez, Angel"]
[Black "Hernandez del Can, Jose"]
[Result "1-0"]
[WhiteElo "1874"]
[BlackElo "1911"]
[PlyCount "65"]
[EventDate "2002.10.21"]
[EventType "swiss"]
[EventRounds "9"]
[EventCountry "ESP"]
[Source "lmi"]
[SourceDate "2002.10.21"]

1. e4 c5 2. f4 e5 3. d3 exf4 4. Bxf4 d6 5. Nf3 Nc6 6. c3 Nf6 7. Be2 Be7 8. O-O
O-O 9. Nbd2 Bg4 10. Nc4 Bxf3 11. Bxf3 Qc7 12. Rc1 Rad8 13. d4 b5 14. Ne3 Qb6
15. Nf5 cxd4 16. cxd4 Rfe8 17. Be3 Na5 18. d5 Qb8 19. b3 Bf8 20. Qd4 Nb7 21.
Bg5 Re5 22. Bxf6 gxf6 23. Rc6 Nc5 24. b4 Na4 25. Rfc1 Nb6 26. Be2 Rde8 27. Bxb5
Rxe4 28. Qxf6 Nxd5 29. Qg5+ Kh8 30. Rxd6 Qxb5 31. Rxd5 Qb6+ 32. Kh1 Bxb4 33.
Qg7# 1-0

[Event "Madrid ch - Previa A"]
[Site "Madrid ESP"]
[Date "2002.11.06"]
[Round "9.1"]
[White "Rojas Jerez, Francisco J"]
[Black "Rodriguez Bachiller, Luis"]
[Result "1-0"]
[WhiteElo "1961"]
[BlackElo "1978"]
[PlyCount "37"]
[EventDate "2002.10.21"]
[EventType "swiss"]
[EventRounds "9"]
[EventCountry "ESP"]
[Source "lmi"]
[SourceDate "2002.10.21"]

1. d4 Nf6 2. c4 g6 3. Nc3 Bg7 4. e4 d6 5. Be2 O-O 6. Nf3 e5 7. Be3 Ng4 8. Bg5
Qe8 9. h3 exd4 10. Nxd4 Bxd4 11. Qxd4 Qe5 12. Qd2 Nf6 13. f4 Qe6 14. Qd4 Nbd7
15. O-O-O a6 16. g4 Re8 17. Bf3 Rb8 18. Nd5 Nxd5 19. cxd5 1-0

[Event "Madrid ch - Previa A"]
[Site "Madrid ESP"]
[Date "2002.11.06"]
[Round "9.2"]
[White "Roman Bada, Javier"]
[Black "Hernandez Navas, Francisco Javier"]
[Result "1/2-1/2"]
[WhiteElo "2020"]
[BlackElo "1923"]
[PlyCount "28"]
[EventDate "2002.10.21"]
[EventType "swiss"]
[EventRounds "9"]
[EventCountry "ESP"]
[Source "lmi"]
[SourceDate "2002.10.21"]

1. e4 e5 2. Nf3 d6 3. d4 exd4 4. Nxd4 Nf6 5. Nc3 Bd7 6. Bc4 Nc6 7. O-O Be7 8.
Re1 O-O 9. Bf4 Nxd4 10. Qxd4 Ng4 11. Nd5 Bc6 12. Nxe7+ Qxe7 13. Rad1 Rfe8 14.
f3 Ne5 1/2-1/2

[Event "Madrid ch - Previa A"]
[Site "Madrid ESP"]
[Date "2002.11.06"]
[Round "9.3"]
[White "Martinez Alvarez, Carlos"]
[Black "Martin Sanchez, Pablo"]
[Result "1/2-1/2"]
[WhiteElo "1839"]
[BlackElo "1998"]
[PlyCount "25"]
[EventDate "2002.10.21"]
[EventType "swiss"]
[EventRounds "9"]
[EventCountry "ESP"]
[Source "lmi"]
[SourceDate "2002.10.21"]

1. e4 e5 2. Nf3 Nc6 3. Bc4 Be7 4. O-O Nf6 5. d3 d6 6. c3 O-O 7. Bg5 Bg4 8. Nbd2
Qd7 9. Re1 Rae8 10. Nf1 Bd8 11. Ne3 Bh5 12. h3 a6 13. Nf5 1/2-1/2

[Event "Madrid ch - Previa A"]
[Site "Madrid ESP"]
[Date "2002.11.06"]
[Round "9.4"]
[White "Noriega de la Sierra, Antonio"]
[Black "Pardiñas Riaño, Emilio"]
[Result "1/2-1/2"]
[WhiteElo "1846"]
[BlackElo "1848"]
[PlyCount "24"]
[EventDate "2002.10.21"]
[EventType "swiss"]
[EventRounds "9"]
[EventCountry "ESP"]
[Source "lmi"]
[SourceDate "2002.10.21"]

1. d4 d5 2. c4 c6 3. cxd5 cxd5 4. Nf3 Nf6 5. g3 e6 6. Bg2 Be7 7. O-O O-O 8. Nc3
Nc6 9. a3 a6 10. b4 b5 11. Bb2 Bb7 12. Rc1 Rc8 1/2-1/2

[Event "Madrid ch - Previa A"]
[Site "Madrid ESP"]
[Date "2002.11.06"]
[Round "9.5"]
[White "Gonzalo Gonzalez, Francisco"]
[Black "Huerta Navarro, Eusebio"]
[Result "0-1"]
[WhiteElo "1961"]
[BlackElo "1946"]
[PlyCount "76"]
[EventDate "2002.10.21"]
[EventType "swiss"]
[EventRounds "9"]
[EventCountry "ESP"]
[Source "lmi"]
[SourceDate "2002.10.21"]

1. e4 e5 2. Nf3 Nf6 3. Nc3 Nc6 4. Bc4 Nxe4 5. Bxf7+ Kxf7 6. Nxe4 d5 7. Neg5+
Kg8 8. d3 h6 9. Nh3 Bxh3 10. gxh3 Qf6 11. c3 Bc5 12. Be3 Bxe3 13. fxe3 Kh7 14.
Qe2 Qf5 15. O-O-O Rhf8 16. Rhf1 Qxh3 17. Rf2 Rf6 18. Rdf1 Qh5 19. h4 Kh8 20.
Qe1 Raf8 21. Nd2 Qxh4 22. Rxf6 Qxe1+ 23. Rxe1 Rxf6 24. Nf1 g5 25. Ng3 Ne7 26.
Rh1 Kh7 27. Rh2 Rf3 28. Nh5 Kg6 29. Kd2 Nf5 30. e4 dxe4 31. dxe4 Nh4 32. Ke2
Kxh5 33. Rxh4+ Kxh4 34. Kxf3 g4+ 35. Kg2 Kg5 36. Kg3 h5 37. c4 c5 38. a4 a5 0-1

[Event "Madrid ch - Previa A"]
[Site "Madrid ESP"]
[Date "2002.11.06"]
[Round "9.6"]
[White "Martin-Consuegra, Javier"]
[Black "Redondo Garcia, Jose Luis"]
[Result "1/2-1/2"]
[WhiteElo "1998"]
[BlackElo "1924"]
[PlyCount "63"]
[EventDate "2002.10.21"]
[EventType "swiss"]
[EventRounds "9"]
[EventCountry "ESP"]
[Source "lmi"]
[SourceDate "2002.10.21"]

1. d4 d5 2. Bg5 c6 3. Nf3 Bg4 4. e3 Nd7 5. Be2 Ngf6 6. O-O Ne4 7. Bf4 h6 8. Ne5
Bxe2 9. Qxe2 Nxe5 10. Bxe5 Nd6 11. Nd2 Qd7 12. c4 Nxc4 13. Nxc4 dxc4 14. Qxc4
b5 15. Qc3 e6 16. b4 f6 17. Bg3 Bd6 18. Bxd6 Qxd6 19. a4 O-O 20. Rfc1 Rfc8 21.
Qb2 bxa4 22. Rxa4 Rcb8 23. Rc5 a5 24. Qa2 Rb5 25. Rxb5 cxb5 26. Rxa5 Rc8 27.
Ra8 Rxa8 28. Qxa8+ Kh7 29. Qe4+ f5 30. Qb1 Qc6 31. Qb2 Qc4 32. f3 1/2-1/2

[Event "Madrid ch - Previa A"]
[Site "Madrid ESP"]
[Date "2002.11.06"]
[Round "9.7"]
[White "Alvarez Usero, Jose Luis"]
[Black "Cano Mercado, Francisco"]
[Result "1/2-1/2"]
[WhiteElo "1762"]
[BlackElo "1978"]
[PlyCount "90"]
[EventDate "2002.10.21"]
[EventType "swiss"]
[EventRounds "9"]
[EventCountry "ESP"]
[Source "lmi"]
[SourceDate "2002.10.21"]

1. e4 c5 2. Nf3 e6 3. d4 cxd4 4. Nxd4 Nf6 5. Nc3 d6 6. Be3 a6 7. Be2 Be7 8. O-O
b5 9. a3 Bb7 10. f3 O-O 11. Kh1 Nc6 12. Qd2 Qc7 13. g4 Nxd4 14. Bxd4 Rfd8 15.
Bd3 Nd7 16. Rae1 Nc5 17. Qf2 Nxd3 18. cxd3 Rdc8 19. Rc1 Qd7 20. Rc2 Rc6 21.
Rfc1 Rac8 22. Be3 Bf6 23. g5 Bxc3 24. Rxc3 d5 25. Rxc6 Rxc6 26. Rxc6 Qxc6 27.
Bc5 dxe4 28. dxe4 Qd7 29. Qd4 Qc7 30. Qd6 Qxd6 31. Bxd6 f6 32. h4 f5 33. exf5
Bxf3+ 34. Kh2 exf5 35. Kg3 Bd1 36. Kf4 g6 37. Ke5 Kf7 38. Kd5 a5 39. b4 a4 40.
Ke5 Bb3 41. Bc5 Ke8 42. Kf6 Kd7 43. Kg7 Bd1 44. Kf6 f4 45. Ke5 Bb3 1/2-1/2

[Event "Madrid ch - Previa A"]
[Site "Madrid ESP"]
[Date "2002.11.06"]
[Round "9.9"]
[White "Sanchez Rodenas, Jose Antonio"]
[Black "Galan Aguado, Fernando"]
[Result "1/2-1/2"]
[WhiteElo "1841"]
[BlackElo "1798"]
[PlyCount "96"]
[EventDate "2002.10.21"]
[EventType "swiss"]
[EventRounds "9"]
[EventCountry "ESP"]
[Source "lmi"]
[SourceDate "2002.10.21"]

1. d4 d5 2. c4 c6 3. Nc3 dxc4 4. a4 Nf6 5. e3 Be6 6. Nf3 Bd5 7. Ne5 Nbd7 8.
Nxc4 e6 9. Nxd5 exd5 10. Nd2 Bb4 11. Bd3 O-O 12. O-O Re8 13. Qc2 Rc8 14. Nb3 c5
15. dxc5 Nxc5 16. Nxc5 Rxc5 17. Qd1 Ne4 18. f3 Nd6 19. Bd2 Bxd2 20. Qxd2 Qb6
21. b4 Rc7 22. Rfe1 Nc4 23. Bxc4 dxc4 24. Qc3 Qe6 25. Rad1 a6 26. a5 h6 27. e4
Qc6 28. Rd5 Rec8 29. Rc5 Qe6 30. Rxc7 Rxc7 31. Rc1 b5 32. axb6 Qxb6+ 33. Kf1
Qb5 34. Ke1 Qb6 35. Ke2 Qe6 36. Qd4 Qc8 37. Rc3 Rc6 38. Qd5 Qc7 39. g3 Qc8 40.
Ke3 Qc7 41. Qd4 Qc8 42. Qd5 Qc7 43. Qd4 Kf8 44. Qd5 Kg8 45. Qd4 Kh7 46. f4 a5
47. bxa5 Qxa5 48. e5 Qb5 1/2-1/2

[Event "Madrid ch - Previa A"]
[Site "Madrid ESP"]
[Date "2002.11.06"]
[Round "9.12"]
[White "Aburto Renovales, Rafael"]
[Black "Corredor Gonzalez, Angel"]
[Result "0-1"]
[WhiteElo "2000"]
[BlackElo "1874"]
[PlyCount "60"]
[EventDate "2002.10.21"]
[EventType "swiss"]
[EventRounds "9"]
[EventCountry "ESP"]
[Source "lmi"]
[SourceDate "2002.10.21"]

1. Nf3 d5 2. d4 Nf6 3. e3 Bg4 4. Nbd2 c5 5. h3 Bh5 6. Be2 Nc6 7. a3 e6 8. c3
Bd6 9. O-O O-O 10. dxc5 Bxc5 11. Nb3 Bb6 12. Nbd4 Re8 13. g4 Bg6 14. Nh4 Ne4
15. Nxg6 fxg6 16. Kg2 Qf6 17. f3 Ng5 18. h4 Nf7 19. g5 Nxg5 20. hxg5 Qxg5+ 21.
Kh1 e5 22. Nxc6 bxc6 23. Rf2 Rf8 24. e4 Qh4+ 25. Rh2 Qg3 26. exd5 Rad8 27. c4
cxd5 28. cxd5 Rf5 29. d6 Rxd6 30. Qxd6 Qg1# 0-1